Panda bear cub / (Record no. 4505)

MARC details
000 -LEADER
fixed length control field 01035nam a22003017a 4500
001 - CONTROL NUMBER
control field 4505
003 - CONTROL NUMBER IDENTIFIER
control field FISKH
005 - DATE AND TIME OF LATEST TRANSACTION
control field 20241204152455.0
008 - FIXED-LENGTH DATA ELEMENTS--GENERAL INFORMATION
fixed length control field 240912b cb ||||| |||| 00| 0 eng d
020 ## - INTERNATIONAL STANDARD BOOK NUMBER
International Standard Book Number 9781592495856
040 ## - CATALOGING SOURCE
Original cataloging agency FISKH
Language of cataloging eng
Transcribing agency FISKH
Modifying agency FISKH
050 ## - LIBRARY OF CONGRESS CALL NUMBER
Classification number PZ10.M698
082 ## - DEWEY DECIMAL CLASSIFICATION NUMBER
Classification number 409
100 ## - MAIN ENTRY--PERSONAL NAME
Personal name Moody-Luther, Jacqueline
Relator term author
245 ## - TITLE STATEMENT
Title Panda bear cub /
Statement of responsibility, etc. by Jacqueline Moody-Luther : illustated by Will Nelson
250 ## - EDITION STATEMENT
Edition statement First edition 2006
260 ## - PUBLICATION, DISTRIBUTION, ETC.
Place of publication, distribution, etc. Norwalk :
Name of publisher, distributor, etc. Little Soundprints ;
Date of publication, distribution, etc. 2006 .
300 ## - PHYSICAL DESCRIPTION
Extent 32 pages :
Other physical details color illustrations ;
Dimensions 24 cm .
490 ## - SERIES STATEMENT
Series statement Soundprints' Read-and- Discover
Volume/sequential designation Level 1
505 ## - FORMATTED CONTENTS NOTE
Formatted contents note H <br/>
520 ## - SUMMARY, ETC.
Summary, etc. In illustrations and simple text, describes the first weeks in the life of a panda living in the bamboo forest with its mother. Includes facts about pandas.
521 8# - TARGET AUDIENCE NOTE
Target audience note 450 <br/>
Source Lexile <br/>
521 8# - TARGET AUDIENCE NOTE
Target audience note H <br/>
Source Raz-Plus <br/>
650 ## - SUBJECT ADDED ENTRY--TOPICAL TERM
Topical term or geographic name entry element bears
Form subdivision non-fiction
700 ## - ADDED ENTRY--PERSONAL NAME
Personal name Nelson, Will
Relator term illustrator
942 ## - ADDED ENTRY ELEMENTS (KOHA)
Source of classification or shelving scheme Dewey Decimal Classification
Koha item type Books
Suppress in OPAC No
Holdings
Withdrawn status Lost status Source of classification or shelving scheme Damaged status Not for loan Collection Home library Current library Shelving location Date acquired Total Checkouts Full call number Barcode Date last seen Date last checked out Price effective from Koha item type Copy number
    Dewey Decimal Classification     Juvenile Fiction Footprints International School Library Network Toul Kork Campus Footprints International School Library Network Toul Kork Campus   09/12/2024 1 MOO 409 PZ10.M698 FIS02580 06/03/2025 04/21/2025 09/12/2024 Books  
    Dewey Decimal Classification     Juvenile Fiction Footprints International School Library Network Toul Kork Campus Footprints International School Library Network Toul Kork Campus TK Primary Library Room(4th Floor), Bookcase 7, Shelves 57-60, Dark Green Books 11/06/2024 1 MOO 409 PZ10.M698 FISTK01086 12/04/2024 11/27/2024 11/06/2024 Books 2